[Event "North Island-ch Staurt Memorial"]
[Site "Auckland"]
[Date "2023.07.16"]
[Round "7"]
[White "Lee, Miles"]
[Black "Park Tamati, Philli"]
[Result "1/2-1/2"]
[WhiteElo "1937"]
[BlackElo "1911"]
[PlyCount "59"]
[EventDate "2023.07.13"]
[EventType "swiss"]
[EventRounds "8"]
[EventCountry "NZL"]
[SourceTitle "EXT 2024"]
[Source "ChessBase"]
[SourceDate "2023.10.10"]
[SourceVersion "1"]
[SourceVersionDate "2023.10.10"]
[SourceQuality "1"]

1. e4 c6 2. d4 d5 3. e5 c5 4. dxc5 e6 5. c3 Nd7 6. Nf3 Bxc5 7. Nbd2 Ne7 8. b4 Bb6 9. c4 0-0 10. Bb2 Ng6 11. Rc1 Bc7 12. Bd3 Nf4 13. Bb1 Nxg2+ 14. Kf1 Nf4 15. Rg1 g6 16. Rg4 Nh5 17. Qe2 Re8 18. Qe3 f5 19. exf6 Ndxf6 20. Rh4 Qe7 21. Qh6 Qf8 22. Qg5 Ne4 23. Nxe4 dxe4 24. Rxh5 Bf4 25. Qxg6+ hxg6 26. Rh8+ Kf7 27. Rh7+ Kg8 28. Rh8+ Kf7 29. Rh7+ Kg8 30. Rh8+ 1/2-1/2

[Event "North Island-ch Staurt Memorial"]
[Site "Auckland"]
[Date "2023.07.13"]
[Round "2"]
[White "Park Tamati, Philli"]
[Black "Ha, Huy Minh"]
[Result "1-0"]
[WhiteElo "1911"]
[BlackElo "1628"]
[PlyCount "65"]
[EventDate "2023.07.13"]
[EventType "swiss"]
[EventRounds "8"]
[EventCountry "NZL"]
[SourceTitle "EXT 2024"]
[Source "ChessBase"]
[SourceDate "2023.10.10"]
[SourceVersion "1"]
[SourceVersionDate "2023.10.10"]
[SourceQuality "1"]

1. d4 d5 2. Bf4 Nf6 3. e3 c5 4. dxc5 Nc6 5. Bb5 Bd7 6. Nd2 e6 7. Bxc6 Bxc6 8. b4 d4 9. Ngf3 dxe3 10. Bxe3 Nd5 11. Qb1 Nxe3 12. fxe3 Be7 13. c3 Bf6 14. Qc2 Bh4+ 15. Ke2 Bf6 16. Rhd1 Bb5+ 17. Kf2 Qd3 18. Qxd3 Bxd3 19. Rac1 0-0 20. Nb3 Be4 21. Nbd4 Rfd8 22. Nd2 Bg6 23. Nc4 e5 24. Nf3 e4 25. Nd4 Rac8 26. Nd6 Rc7 27. N6b5 Rcd7 28. Nxa7 Bxd4 29. Rxd4 Rxd4 30. cxd4 Ra8 31. c6 bxc6 32. Rxc6 Bf5 33. Rc7 1-0

[Event "Auckland Waitangi op"]
[Site "Auckland"]
[Date "2023.02.03"]
[Round "2"]
[White "Bhatt, Mantra"]
[Black "Park Tamati, Philli"]
[Result "0-1"]
[WhiteElo "1456"]
[BlackElo "1852"]
[PlyCount "84"]
[EventDate "2023.02.03"]
[EventType "swiss"]
[EventRounds "6"]
[EventCountry "NZL"]
[SourceTitle "EXT 2024"]
[Source "ChessBase"]
[SourceDate "2023.10.10"]
[SourceVersion "1"]
[SourceVersionDate "2023.10.10"]
[SourceQuality "1"]

1. e4 c6 2. d4 d5 3. f3 dxe4 4. fxe4 e5 5. Nf3 Bg4 6. c3 Nd7 7. Bc4 Bd6 8. 0-0 Ngf6 9. Bg5 0-0 10. Re1 Bxf3 11. Qxf3 Qb6 12. Qf2 Rae8 13. d5 Bc5 14. Be3 Nxe4 15. Bxc5 Ndxc5 16. Rxe4 Nxe4 17. Qxb6 axb6 18. dxc6 bxc6 19. Na3 g6 20. Bb3 Kg7 21. Rd1 Nc5 22. Bc2 Rd8 23. Re1 e4 24. b4 Ra8 25. bxc5 Rxa3 26. Rxe4 Rxc3 27. Bb3 Rxc5 28. Re7 Rc1+ 29. Kf2 c5 30. a4 c4 31. Ba2 Rc2+ 32. Re2 Rxe2+ 33. Kxe2 Ra8 34. Bxc4 Rxa4 35. Bb3 Ra3 36. Bc4 f5 37. g3 Rc3 38. Bd3 Rxd3 39. Kxd3 g5 40. h3 g4 41. h4 b5 42. Kd4 b4 0-1

[Event "NZL-ch op-A 130th"]
[Site "Wellington"]
[Date "2023.01.09"]
[Round "8"]
[White "Park Tamati, Philli"]
[Black "Masters, Andrew D"]
[Result "1/2-1/2"]
[WhiteElo "1868"]
[BlackElo "1946"]
[PlyCount "63"]
[EventDate "2023.01.02"]
[EventType "swiss"]
[EventRounds "9"]
[EventCountry "NZL"]
[SourceTitle "EXT 2024"]
[Source "ChessBase"]
[SourceDate "2023.10.10"]
[SourceVersion "1"]
[SourceVersionDate "2023.10.10"]
[SourceQuality "1"]

1. d4 d5 2. Bf4 c5 3. e3 cxd4 4. exd4 Nc6 5. c3 f6 6. Bd3 e5 7. dxe5 fxe5 8. Qh5+ g6 9. Bxg6+ hxg6 10. Qxh8 exf4 11. Qxg8 Bf5 12. Ne2 f3 13. gxf3 Ne5 14. Nd4 Nd3+ 15. Kd1 Nxf2+ 16. Ke2 Qb6 17. Kxf2 Qxb2+ 18. Kg3 0-0-0 19. Nxf5 gxf5 20. Qe6+ Kb8 21. Nd2 f4+ 22. Kf2 Qxd2+ 23. Qe2 Bc5+ 24. Kf1 Qxc3 25. Rd1 Be3 26. Qd3 Qg7 27. Qc2 Rc8 28. Qg2 Qh7 29. h4 Rc2 30. Qg5 Rf2+ 31. Ke1 Qh8 32. Rc1 1/2-1/2

[Event "NZL-ch rapid op 130th"]
[Site "Wellington"]
[Date "2023.01.05"]
[Round "9"]
[White "Van der Hoorn, Thomas"]
[Black "Park Tamati, Philli"]
[Result "0-1"]
[WhiteElo "1898"]
[BlackElo "1868"]
[PlyCount "140"]
[EventDate "2023.01.04"]
[EventType "swiss (rapid)"]
[EventRounds "9"]
[EventCountry "NZL"]
[SourceTitle "CBM 212 Extra"]
[Source "ChessBase"]
[SourceDate "2023.03.31"]
[SourceVersion "1"]
[SourceVersionDate "2023.03.31"]
[SourceQuality "1"]

1. e4 c6 2. d4 d5 3. Nc3 dxe4 4. Nxe4 Bf5 5. Ng3 Bg6 6. h4 h6 7. Nf3 Nd7 8. h5 Bh7 9. Bd3 Bxd3 10. Qxd3 e6 11. Bd2 Ngf6 12. 0-0-0 Be7 13. Kb1 0-0 14. Ne4 Nxe4 15. Qxe4 Nf6 16. Qe2 Qd5 17. Ne5 Qb5 18. c4 Qb6 19. g4 Rad8 20. Bc3 Qc7 21. f4 Nh7 22. Rdg1 b5 23. cxb5 cxb5 24. Qxb5 Rb8 25. Qc6 Rfc8 26. Qxc7 Rxc7 27. Ka1 Bb4 28. Rc1 Rbc8 29. Rh3 Nf6 30. a3 Ba5 31. b4 Nd5 32. Kb2 Nxf4 33. Rf3 Ne2 34. Rcf1 Bb6 35. Nxf7 Rxc3 36. Nd6 Bxd4 37. Rxc3 Rxc3 38. Ka2 Rc6 39. Ne4 Nc3+ 40. Nxc3 Rxc3 41. a4 e5 42. Rd1 Rg3 43. Kb1 Rb3+ 44. Kc2 Rxb4 45. a5 Ra4 46. Kd3 Rxa5 47. Ke4 Ra6 48. Rc1 Rd6 49. Kf5 Rf6+ 50. Ke4 Re6 51. Kd5 Kf7 52. Rc7+ Re7 53. Rc8 e4 54. Kxd4 e3 55. Rc1 e2 56. Re1 Kf6 57. Kd5 Kg5 58. Kd6 Re3 59. Kd5 a5 60. Kd4 Re8 61. Kc3 Kxg4 62. Kb2 Re3 63. Ka2 Kf3 64. Rc1 e1Q 65. Rc2 Re2 66. Kb2 Qb4+ 67. Ka1 Qa3+ 68. Kb1 Qb3+ 69. Ka1 Qa4+ 70. Kb2 Rxc2+ 0-1

[Event "NZL-ch rapid op 130th"]
[Site "Wellington"]
[Date "2023.01.04"]
[Round "4"]
[White "Park Tamati, Philli"]
[Black "Cummings, Nick"]
[Result "1-0"]
[WhiteElo "1868"]
[BlackElo "1995"]
[PlyCount "29"]
[EventDate "2023.01.04"]
[EventType "swiss (rapid)"]
[EventRounds "9"]
[EventCountry "NZL"]
[SourceTitle "CBM 212 Extra"]
[Source "ChessBase"]
[SourceDate "2023.03.31"]
[SourceVersion "1"]
[SourceVersionDate "2023.03.31"]
[SourceQuality "1"]

1. d4 d5 2. Bf4 Nf6 3. e3 e6 4. Nd2 Bd6 5. Bg3 c5 6. c3 Nc6 7. Ngf3 0-0 8. Bd3 b6 9. e4 dxe4 10. Nxe4 Nxe4 11. Bxe4 Bb7 12. dxc5 Bxc5 13. Qa4 Qe8 14. Bxh7+ Kxh7 15. Qh4+ 1-0

[Event "North Island-ch"]
[Site "Auckland"]
[Date "2022.07.17"]
[Round "8"]
[White "Waiwai, Tane"]
[Black "Park Tamati, Philli"]
[Result "0-1"]
[WhiteElo "1638"]
[BlackElo "1888"]
[PlyCount "60"]
[EventDate "2022.07.14"]
[EventType "swiss"]
[EventRounds "9"]
[EventCountry "NZL"]
[SourceTitle "EXT 2024"]
[Source "ChessBase"]
[SourceDate "2023.10.10"]
[SourceVersion "1"]
[SourceVersionDate "2023.10.10"]
[SourceQuality "1"]

1. e4 c6 2. d4 d5 3. f3 dxe4 4. fxe4 e5 5. Nf3 Bg4 6. Bc4 Nd7 7. 0-0 Ngf6 8. dxe5 Bxf3 9. Qxf3 Nxe5 10. Qc3 Bc5+ 11. Kh1 Bd4 12. Qb3 b5 13. Bd3 Nfg4 14. Bf4 Nxd3 15. cxd3 Nf2+ 16. Rxf2 Bxf2 17. Qc3 0-0 18. Qxc6 Qxd3 19. Nc3 Rac8 20. Qb7 Rfd8 21. h3 Bb6 22. Nd5 Rc2 23. Nb4 Qe2 24. Nxc2 Qxc2 25. Rc1 Rd1+ 26. Rxd1 Qxd1+ 27. Kh2 Qg1+ 28. Kg3 Qf2+ 29. Kg4 h5+ 30. Kg5 Qxg2+ 0-1

[Event "North Island-ch"]
[Site "Auckland"]
[Date "2022.07.16"]
[Round "5"]
[White "McLaren, Leonard"]
[Black "Park Tamati, Philli"]
[Result "0-1"]
[WhiteElo "2107"]
[BlackElo "1888"]
[PlyCount "106"]
[EventDate "2022.07.14"]
[EventType "swiss"]
[EventRounds "9"]
[EventCountry "NZL"]
[SourceTitle "EXT 2024"]
[Source "ChessBase"]
[SourceDate "2023.10.10"]
[SourceVersion "1"]
[SourceVersionDate "2023.10.10"]
[SourceQuality "1"]

1. e4 c6 2. d4 d5 3. e5 c5 4. dxc5 Nc6 5. Nf3 e6 6. a3 Bxc5 7. b4 Bb6 8. Bb2 Nge7 9. Bd3 Ng6 10. 0-0 0-0 11. Nbd2 Nf4 12. Nb3 Qe7 13. Re1 Nxd3 14. Qxd3 Bd7 15. Rad1 Rac8 16. Nbd2 Rfd8 17. c4 dxc4 18. Nxc4 Nxb4 19. Qb3 Nd5 20. Nd6 Rb8 21. a4 Bc5 22. Rc1 Bb4 23. Ba3 Bxe1 24. Nf5 Qe8 25. Nd6 Bxa4 26. Qd3 Nf4 27. Qe4 Qd7 28. Ng5 Bxf2+ 29. Kxf2 Ng6 30. h4 Bc6 31. Qb1 f5 32. exf6 gxf6 33. Ngf7 Rf8 34. Nh6+ Kg7 35. Rd1 Qc7 36. Qc1 Qa5 37. Ng4 Qh5 38. Ne3 Qxh4+ 39. Kg1 Qg5 40. Bb2 Nf4 41. Rd2 Nh3+ 42. Kh2 Qf4+ 43. g3 Qxe3 44. Nf5+ exf5 45. Rd7+ Bxd7 46. Qxe3 Rbe8 47. Qd2 Rf7 48. Kxh3 f4+ 49. Kh4 Re3 50. g4 h5 51. Qd5 Bxg4 52. Qg5+ Kh7 53. Qg7+ Rxg7 0-1

[Event "North Island-ch"]
[Site "Auckland"]
[Date "2022.07.16"]
[Round "7"]
[White "Park Tamati, Philli"]
[Black "Mao, Daqi"]
[Result "0-1"]
[WhiteElo "1888"]
[BlackElo "1832"]
[PlyCount "72"]
[EventDate "2022.07.14"]
[EventType "swiss"]
[EventRounds "9"]
[EventCountry "NZL"]
[SourceTitle "EXT 2024"]
[Source "ChessBase"]
[SourceDate "2023.10.10"]
[SourceVersion "1"]
[SourceVersionDate "2023.10.10"]
[SourceQuality "1"]

1. d4 d5 2. Bf4 c5 3. e3 cxd4 4. exd4 Bf5 5. c3 e6 6. Bxb8 Rxb8 7. Bb5+ Ke7 8. Nf3 f6 9. Nbd2 Qb6 10. Qb3 a6 11. Be2 Qxb3 12. axb3 Kf7 13. 0-0 Bd6 14. Nh4 Bg6 15. f4 Ne7 16. b4 h6 17. Nxg6 Kxg6 18. g3 Kf7 19. Ra3 Nc8 20. Rfa1 Na7 21. Rb3 Ke7 22. Re1 Kd7 23. Nf1 f5 24. Ra3 g5 25. fxg5 hxg5 26. Raa1 g4 27. Bd3 Rh3 28. Re2 f4 29. gxf4 Rxd3 30. Rae1 Bxf4 31. Rxe6 Bd6 32. Rg6 Rh8 33. Rxg4 Nc6 34. h4 Rh3 35. Ne3 Ne7 36. Rg7 Rg3+ 0-1

[Event "Auckland Stuart Memorial op"]
[Site "Auckland"]
[Date "2022.06.25"]
[Round "4"]
[White "Hart, Ralph"]
[Black "Park Tamati, Philli"]
[Result "1/2-1/2"]
[WhiteElo "2142"]
[BlackElo "1712"]
[PlyCount "60"]
[EventDate "2022.06.24"]
[EventType "swiss"]
[EventRounds "6"]
[EventCountry "NZL"]
[SourceTitle "EXT 2024"]
[Source "ChessBase"]
[SourceDate "2023.10.10"]
[SourceVersion "1"]
[SourceVersionDate "2023.10.10"]
[SourceQuality "1"]

1. e4 c6 2. Nc3 d5 3. Nf3 dxe4 4. Nxe4 Nf6 5. d3 Nxe4 6. dxe4 Qxd1+ 7. Kxd1 Bg4 8. c3 Nd7 9. Kc2 e5 10. Be3 f6 11. Bc4 Bc5 12. Rhe1 Bxf3 13. gxf3 Bxe3 14. fxe3 Ke7 15. Rg1 g6 16. Rg2 a5 17. Rd1 b5 18. Bf1 Nc5 19. Rgd2 g5 20. Bh3 Rhd8 21. Rxd8 Rxd8 22. Rg1 h5 23. Bf5 h4 24. Bh3 b4 25. Re1 Rd6 26. Bg2 Ke6 27. Re2 Rd8 28. Bh3+ Ke7 29. Re1 Rb8 30. Rb1 Rd8 1/2-1/2

[Event "Auckland Stuart Memorial op"]
[Site "Auckland"]
[Date "2022.06.24"]
[Round "1"]
[White "Park Tamati, Philli"]
[Black "Stark, John"]
[Result "1-0"]
[WhiteElo "1712"]
[BlackElo "2060"]
[PlyCount "84"]
[EventDate "2022.06.24"]
[EventType "swiss"]
[EventRounds "6"]
[EventCountry "NZL"]
[SourceTitle "EXT 2024"]
[Source "ChessBase"]
[SourceDate "2023.10.10"]
[SourceVersion "1"]
[SourceVersionDate "2023.10.10"]
[SourceQuality "1"]

1. d4 Nf6 2. Bf4 b6 3. e3 Bb7 4. Nf3 Nh5 5. Bg5 h6 6. Bh4 g5 7. Bg3 Nxg3 8. hxg3 Bg7 9. Bd3 d6 10. Nbd2 Nd7 11. Qe2 c5 12. Ba6 Qc8 13. Bxb7 Qxb7 14. c3 e6 15. Qd3 0-0-0 16. b4 Kb8 17. bxc5 dxc5 18. 0-0 Ne5 19. Qb5 Nxf3+ 20. Nxf3 cxd4 21. cxd4 Rd5 22. Qb3 g4 23. Nd2 e5 24. Nc4 exd4 25. Rad1 Rhd8 26. a4 h5 27. Qb4 Bf8 28. Qb1 Qc6 29. Rc1 Rc5 30. Ne5 Qe6 31. exd4 Rxd4 32. Rxc5 Bxc5 33. Re1 Qd5 34. Qb5 Rd1 35. Qe8+ Kc7 36. Rxd1 Qxd1+ 37. Kh2 Qd5 38. Nxf7 Bxf2 39. Qe7+ Qd7 40. Qe5+ Kb7 41. Qe4+ Kc8 42. Qa8+ Kc7 1-0

[Event "Henderson Trusts op-A 44th"]
[Site "Henderson"]
[Date "2022.06.05"]
[Round "3"]
[White "Park Tamati, Philli"]
[Black "Zhang, Kendrick Botong"]
[Result "0-1"]
[WhiteElo "1712"]
[BlackElo "1777"]
[PlyCount "66"]
[EventDate "2022.06.04"]
[EventType "swiss"]
[EventRounds "6"]
[EventCountry "NZL"]
[SourceTitle "EXT 2024"]
[Source "ChessBase"]
[SourceDate "2023.10.10"]
[SourceVersion "1"]
[SourceVersionDate "2023.10.10"]
[SourceQuality "1"]

1. d4 Nf6 2. Bf4 g6 3. Nc3 d5 4. e3 Bg7 5. h4 c6 6. Be2 Be6 7. h5 h6 8. hxg6 fxg6 9. Bd3 Bf7 10. Qe2 Qb6 11. 0-0-0 Nbd7 12. e4 dxe4 13. Bxe4 0-0-0 14. Nf3 g5 15. Bg3 Rhe8 16. Bd3 Nd5 17. Nxd5 Bxd5 18. Bg6 Rf8 19. Qxe7 Bxf3 20. gxf3 Bxd4 21. c3 Bc5 22. Qg7 Rg8 23. Qxh6 Bxf2 24. Bh2 g4 25. Bf4 g3 26. Rxd7 Rxd7 27. Bf5 Rgd8 28. Qd6 Be3+ 29. Kb1 Bxf4 30. Bxd7+ Rxd7 31. Qf8+ Qd8 32. Rh8 Qxf8 33. Rxf8+ Rd8 0-1

[Event "Henderson Trusts op-A 44th"]
[Site "Henderson"]
[Date "2022.06.04"]
[Round "2"]
[White "Tanoi, Toleafoa E"]
[Black "Park Tamati, Philli"]
[Result "1/2-1/2"]
[WhiteElo "1848"]
[BlackElo "1712"]
[PlyCount "153"]
[EventDate "2022.06.04"]
[EventType "swiss"]
[EventRounds "6"]
[EventCountry "NZL"]
[SourceTitle "EXT 2024"]
[Source "ChessBase"]
[SourceDate "2023.10.10"]
[SourceVersion "1"]
[SourceVersionDate "2023.10.10"]
[SourceQuality "1"]

1. d4 d5 2. c4 e6 3. Nc3 Nf6 4. cxd5 exd5 5. Bg5 Be7 6. e3 c6 7. Bd3 Nbd7 8. Nge2 Nh5 9. Bxe7 Qxe7 10. 0-0 Ndf6 11. a4 a5 12. Re1 0-0 13. Qc2 Re8 14. Ng3 Nxg3 15. hxg3 Qd6 16. Nb1 g6 17. Nd2 Kg7 18. Nf3 h5 19. Ne5 Ng4 20. f4 Qf6 21. Qe2 Bf5 22. Ra3 Re7 23. Qd2 h4 24. e4 dxe4 25. Bxe4 hxg3 26. Rxg3 Qh4 27. Rh3 Qf6 28. Bxf5 gxf5 29. Rh5 Rh8 30. Rg5+ Kf8 31. Nxg4 Rxe1+ 32. Qxe1 fxg4 33. Qe5 Qxe5 34. Rxe5 b6 35. Kf2 Rh1 36. Re3 Rd1 37. Kg3 Rxd4 38. Kxg4 Rxa4 39. Kf5 Ra2 40. Rb3 b5 41. Kf6 Ra4 42. f5 Rd4 43. Rc3 Rd6+ 44. Ke5 Ke7 45. g4 f6+ 46. Ke4 Kd7 47. Rh3 Kc7 48. Rh7+ Rd7 49. Rh8 Rg7 50. Kf4 Rf7 51. Ra8 Kb6 52. g5 fxg5+ 53. Kxg5 Rg7+ 54. Kf4 Rg2 55. b3 c5 56. Kf3 Rg1 57. Rb8+ Kc6 58. Rc8+ Kd6 59. Rb8 c4 60. bxc4 bxc4 61. Ke3 Kc5 62. Kd2 Rf1 63. Rf8 Kb4 64. Rb8+ Ka4 65. Kc3 Rxf5 66. Kxc4 Rf4+ 67. Kc3 Ka3 68. Ra8 a4 69. Rb8 Ka2 70. Rb2+ Ka1 71. Rb4 Rf3+ 72. Kc2 a3 73. Rh4 Rf1 74. Kb3 Rf3+ 75. Ka4 Rd3 76. Rh1+ Kb2 77. Rh2+ 1/2-1/2

[Event "Auckland Morrison Memorial"]
[Site "Auckland"]
[Date "2020.10.25"]
[Round "4"]
[White "Zhu, David Junyang"]
[Black "Park Tamati, Philli"]
[Result "0-1"]
[WhiteElo "1190"]
[BlackElo "1739"]
[PlyCount "88"]
[EventDate "2020.10.24"]
[EventType "swiss"]
[EventRounds "6"]
[EventCountry "NZL"]
[SourceTitle "EXT 2024"]
[Source "ChessBase"]
[SourceDate "2023.10.10"]
[SourceVersion "1"]
[SourceVersionDate "2023.10.10"]
[SourceQuality "1"]

1. d4 d5 2. Nf3 c6 3. c4 Nf6 4. Nc3 e6 5. g3 Nbd7 6. Bg2 dxc4 7. 0-0 Bb4 8. a3 Bxc3 9. bxc3 b5 10. Re1 0-0 11. Ne5 Nxe5 12. dxe5 Nd5 13. Bxd5 exd5 14. e3 c5 15. f4 Bb7 16. e4 Qb6 17. Rb1 Rad8 18. Be3 d4 19. Bf2 dxc3 20. Qc2 Rd3 21. Rbd1 Rfd8 22. Rxd3 Rxd3 23. Re3 Qd8 24. Kg2 Rxe3 25. Bxe3 Qd3 26. Qf2 Qxe4+ 27. Kh3 Bc8+ 28. g4 Qg6 29. Qh4 Qh6 30. Qxh6 gxh6 31. Bxc5 a5 32. f5 c2 33. Be3 b4 34. axb4 axb4 35. Bxh6 b3 36. Bc1 c3 37. Kh4 b2 38. Bh6 c1Q 39. Bxc1 bxc1Q 40. f6 Qf4 41. h3 Qe3 42. Kh5 Qxh3+ 43. Kg5 Qxg4+ 44. Kh6 Qg6# 0-1

[Event "Auckland Morrison Memorial"]
[Site "Auckland"]
[Date "2020.10.24"]
[Round "1"]
[White "Park Tamati, Philli"]
[Black "Zhang, Tim"]
[Result "1-0"]
[WhiteElo "1739"]
[BlackElo "1234"]
[PlyCount "71"]
[EventDate "2020.10.24"]
[EventType "swiss"]
[EventRounds "6"]
[EventCountry "NZL"]
[SourceTitle "EXT 2024"]
[Source "ChessBase"]
[SourceDate "2023.10.10"]
[SourceVersion "1"]
[SourceVersionDate "2023.10.10"]
[SourceQuality "1"]

1. d4 d5 2. Bf4 Bf5 3. c4 c6 4. Nc3 Nf6 5. e3 dxc4 6. Bxc4 b5 7. Be2 e6 8. Nf3 Bd6 9. Ne5 Nfd7 10. Nxf7 Kxf7 11. Bxd6 Nf6 12. Bg3 h5 13. Bh4 Qg8 14. Bxf6 gxf6 15. Bxh5+ Bg6 16. Bf3 a5 17. d5 exd5 18. Nxd5 Kg7 19. Nc7 Ra7 20. Qd6 Qf7 21. Ne6+ Kh6 22. Qf4+ Kh7 23. Qh4+ Kg8 24. Qg3 Kh7 25. Nf4 Rd8 26. Bg4 f5 27. Qh4+ Kg7 28. Qxd8 fxg4 29. Qxb8 Qe7 30. Qh8+ Kf7 31. Nxg6 Kxg6 32. 0-0 Qd6 33. Rfd1 Rh7 34. Rxd6+ Kf7 35. Qf6+ Ke8 36. Rd8# 1-0

[Event "NZL-ch op 127th"]
[Site "Tauranga"]
[Date "2020.01.16"]
[Round "3"]
[White "Park Tamati, Philli"]
[Black "Metge, J Nigel"]
[Result "1-0"]
[WhiteElo "1537"]
[BlackElo "1932"]
[PlyCount "119"]
[EventDate "2020.01.14"]
[EventType "swiss"]
[EventRounds "9"]
[EventCountry "NZL"]
[SourceTitle "CBM 194 Extra"]
[Source "ChessBase"]
[SourceDate "2020.03.31"]
[SourceVersion "1"]
[SourceVersionDate "2020.03.31"]
[SourceQuality "1"]

1. d4 e6 2. Bf4 f5 3. e3 Nf6 4. Nf3 Nc6 5. c4 Bb4+ 6. Nbd2 d6 7. a3 Bxd2+ 8. Qxd2 Qe7 9. d5 e5 10. Bg5 Nd8 11. Be2 Nf7 12. Bxf6 Qxf6 13. 0-0 g5 14. Qc3 c5 15. b4 g4 16. Nd2 Rg8 17. Rfb1 Ng5 18. bxc5 dxc5 19. Rb5 b6 20. a4 Bd7 21. Rb2 a5 22. Rab1 Rb8 23. Nb3 Ne4 24. Qe1 f4 25. Bd3 Ng5 26. exf4 Qxf4 27. Qe3 Qxe3 28. fxe3 e4 29. Be2 Ra8 30. Nd2 Nf3+ 31. Bxf3 gxf3 32. g3 Bxa4 33. Nxe4 Rg6 34. Rxb6 Bc2 35. Rxg6 hxg6 36. Nd6+ Kd7 37. Rb2 f2+ 38. Kxf2 Rf8+ 39. Ke2 Kxd6 40. Rxc2 a4 41. Ra2 Ra8 42. Ra3 Ke5 43. Kd3 g5 44. h4 gxh4 45. gxh4 Kf5 46. e4+ Kf4 47. h5 Rg8 48. Rxa4 Rg3+ 49. Kc2 Rg2+ 50. Kd3 Rg3+ 51. Ke2 Re3+ 52. Kf2 Rxe4 53. Ra2 Rxc4 54. Rd2 Kg5 55. d6 Rf4+ 56. Ke3 Rf8 57. d7 Rd8 58. Rd5+ Kh6 59. Kd3 Kg7 60. Kc4 1-0

[Event "Oceania-ch U16"]
[Site "Auckland"]
[Date "2019.01.09"]
[Round "4"]
[White "Park Tamati, Philli"]
[Black "Wang, Aaron Ziwen"]
[Result "1/2-1/2"]
[WhiteElo "1492"]
[BlackElo "1502"]
[PlyCount "25"]
[EventDate "2019.01.08"]
[EventType "swiss"]
[EventRounds "9"]
[EventCountry "NZL"]
[SourceTitle "EXT 2021"]
[Source "ChessBase"]
[SourceDate "2020.10.23"]
[SourceVersion "1"]
[SourceVersionDate "2020.10.23"]
[SourceQuality "1"]

1. d4 Nf6 2. Bf4 d6 3. Nc3 g6 4. e4 Bg7 5. Qd2 0-0 6. f3 c5 7. d5 a6 8. Bh6 b5 9. h4 Nh5 10. Nge2 b4 11. Nd1 Kh8 12. g4 Nf6 13. h5 1/2-1/2

[Event "George Trundle Talents"]
[Site "Auckland"]
[Date "2018.07.09"]
[Round "3"]
[White "Park Tamati, Philli"]
[Black "Liu, John"]
[Result "1-0"]
[WhiteElo "1423"]
[BlackElo "1234"]
[PlyCount "53"]
[EventDate "2018.07.07"]
[EventType "tourn"]
[EventRounds "9"]
[EventCountry "NZL"]
[SourceTitle "EXT 2019"]
[Source "ChessBase"]
[SourceDate "2018.10.10"]
[SourceVersion "1"]
[SourceVersionDate "2018.10.10"]
[SourceQuality "1"]

1. d4 d5 2. Bf4 Nf6 3. e3 Bf5 4. Nf3 e6 5. c4 c5 6. cxd5 exd5 7. Nc3 Nc6 8. Be2 Be7 9. dxc5 Bxc5 10. Nb5 0-0 11. 0-0 a6 12. Nbd4 Nxd4 13. Nxd4 Bg6 14. Qb3 b5 15. Rfd1 Rc8 16. Bg5 Be7 17. Rac1 Ne4 18. Rxc8 Qxc8 19. Bxe7 Re8 20. Bh4 Qc5 21. Nf3 d4 22. exd4 Qb6 23. Ne5 h6 24. Bd3 Bh5 25. Bxe4 Bxd1 26. Qxf7+ Kh8 27. Qxe8# 1-0